Shortest Non-name Type-ins: US Presidents - Statistics

General Stats
  • This quiz has been taken 19 times
  • The average score is 7 of 16
Answer Stats
Hint Length # of type-ins Answer % Correct
John F. Kennedy 3 1 jfk
94%
Lyndon B. Johnson 3 1 lbj
94%
Franklin D. Roosevelt 3 1 fdr
81%
Dwight D. Eisenhower 3 1 ike
50%
Millard Fillmore 7 1 filmore
38%
Benjamin Harrison 7 3 harason | hareson | harison
38%
William Henry Harrison 7 3 harason | hareson | harison
38%
Rutherford B. Hayes 4 1 hays
38%
Ronald Reagan 5 2 ragan | ragen
38%
Calvin Coolidge 7 1 coolige
31%
Chester A. Arthur 6 1 arther
25%
James Buchanan 8 2 buchanen | buchanon
25%
Franklin Pierce 6 1 peirce
25%
Theodore Roosevelt 8 3 rosavelt | rosevelt | rosivelt
25%
Zachary Taylor 6 1 tayler
25%
Harry Truman 6 1 trumen
25%
No matching quizzes found
Score Distribution
Percent of People with Each Score
Percentile by Number Answered
Your Score History
You have not taken this quiz